Dôsledky vytvárania vnútorného trhu Európskych spoločenstiev pre rakúsku ekonomiku.
Predpoklady vhodného zapadnutia rakúskej ekonomiky do systému západoeurópskej integrácie, vyplývajúce z priaznivejších ekonomických ukazovateľov ako je ich priemer v ES. Porovnanie dvoch alternatív - prijatia a neprijatia Rakúska za právoplatného člena ES na základe ukazovateľov: ekonomický rast, st...
Salvato in:
| Autore principale: | |
|---|---|
| Natura: | Capitolo di libro |
| Lingua: | slovacco |
| Soggetti: | |
| Tags: |
Nessun Tag, puoi essere il primo ad aggiungerne!!
|
MARC
| LEADER | 00000naa a2200000 4500 | ||
|---|---|---|---|
| 001 | r004140 | ||
| 005 | 20221125075720.5 | ||
| 041 | 0 | |a slo | |
| 044 | |a [CS] | ||
| 245 | 1 | 0 | |a Dôsledky vytvárania vnútorného trhu Európskych spoločenstiev pre rakúsku ekonomiku. |c J. Kalinová |
| 520 | |a Predpoklady vhodného zapadnutia rakúskej ekonomiky do systému západoeurópskej integrácie, vyplývajúce z priaznivejších ekonomických ukazovateľov ako je ich priemer v ES. Porovnanie dvoch alternatív - prijatia a neprijatia Rakúska za právoplatného člena ES na základe ukazovateľov: ekonomický rast, stupeň zamestnanosti, úroveň cien, stav platobnej bilancie a rozpočtu. | ||
| 610 | 2 | 0 | |a Európske spoločenstvá |
| 610 | 2 | 0 | |a integrácia ekonomická medzinárodná |
| 610 | 2 | 0 | |a Rakúsko |
| 610 | 2 | 0 | |a rast hospodársky |
| 610 | 2 | 0 | |a zamestnanosť |
| 610 | 2 | 0 | |a ceny |
| 610 | 2 | 0 | |a bilancia platobná |
| 610 | 2 | 0 | |a rozpočet štátny |
| 610 | 2 | 0 | |a trh vnútorný |
| 100 | 1 | |a Kalinová, J. | |